Statistics for Country Flags in Nature #2

Click here to take the quiz!

General Stats

  • This quiz has been taken 34 times
  • The average score is 8 of 12

Answer Stats

Answer% Correct
Italy
90%
Ireland
87%
United States
84%
Brazil
74%
Lithuania
74%
India
71%
Mauritius
58%
Colombia
55%
Azerbaijan
52%
Rwanda
48%
Bangladesh
45%
Nigeria
45%

Score Distribution

Percentile by Number Answered

Percent of People with Each Score

Your Score History

You have not taken this quiz